000
00326nam a2200133Ia 4500
008
100328s9999 xx 000 0 und d
082
_b
17548
100
_a
गुलजार
245
_a
आनंद
260
_b
शिक्षा भारती
630
_a
आनंद
730
_a
आनंद
942
_c
BOOK
999
_c
512108
_d
512105